000 00333nam a22001457a 4500
005 20180412155005.0
008 160624b xxu||||| |||| 00| 0 eng d
041 _aeng
082 _b9775
_a348
245 _aThe Industrial Disputes Act, 1947
260 _bCurrents
_c2009
300 _a120
650 _aManagement
_9241
942 _cBK
999 _c3806
_d3805